000 00921cam a2200253Ma 4500
005 20250905133738.0
008 140905s2010 xxuad fr 001 0 eng d
020 _a9780736079655
020 _a0736079653
040 _aCO-BoUCM
_bspa
_cJose A. Gerena
_dDavid Moreno (modificó)
041 0 _aeng
060 0 0 _aWA 590
100 1 _aLudovici-Connolly, Anne Marie
_964243
245 1 0 _aWinning health promotion strategies
_cAnne Marie Ludovici-Connolly
260 _aChampaign (Illinois, Estados Unidos)
_bHuman Kinetics
_c2010
300 _axxii, 177 Páginas
_bilustraciones, cuadros, gráficas
504 _aIncluye referencias bibliográficas e índices
650 7 _aSalud pública
_98073
650 7 _aPromoción de la salud
_922556
650 7 _aSalud ocupacional
_923954
650 7 _aEducación en salud
_913820
690 _aSalud pública
_98073
942 _2NLM
_a26
_cLIBRO
_e1
_hWA 590
_mL946
_n0
999 _c296587
_d296587